| 000 | 00643nam a2200193Ia 4500 | ||
|---|---|---|---|
| 003 | IN-BaIIA | ||
| 008 | 211028s9999 xx 000 0 eng d | ||
| 020 | _a0-691-04459-7 | ||
| 040 | _cIIA Library | ||
| 080 |
_a521.1:517 _bBON |
||
| 100 |
_aBond, Victor R. _921203 |
||
| 245 | 0 |
_aModern astrodynamics _bfundamentals and perturbation methods _cVictor R. Bond and Mark C. Allman |
|
| 260 |
_aNew Jersy _bPrinceton University Press _c1996 |
||
| 300 | _axi, 250p. | ||
| 650 |
_aAstrodynamics-fundamentals _921204 |
||
| 650 | _aCelestial mechanics | ||
| 700 |
_aAllman, Mark C. _921205 |
||
| 942 | _cBK | ||
| 999 |
_c12156 _d12156 |
||